Zwergenpatrouille Foxtrot /

Hlavní autor: Tautz, Werner, 1922-2014
Další autoři: Koch, Herbert
Jazyk: Nelze použít, není lingvistický obsah
Vydáno: Hamburg : Alba, 1965
Fyzický popis: 8 hlasů
Hudebniny Hudebniny
Uloženo v:
LEADER 00879ncm a22002412a 4500
001 001102921
003 CZ BrMZK
005 20110504123344.0
007 qu
008 021016s1965 gw f zxx d
040 |a BOA001  |b cze 
072 7 |a 785  |x Instrumentální hudba. Symfonická hudba. Hudba pro více nástrojů  |2 Konspekt  |9 9 
100 1 |a Tautz, Werner,  |d 1922-2014  |7 mzk2010597343  |4 cmp 
245 1 0 |a Zwergenpatrouille  |h [hudebnina] :  |b Foxtrot /  |c Musik und Bearb. Werner Tautz. Mobile : Foxtrot / Herbert Koch ; Musik und Bearb. Werner Tautz 
260 |a Hamburg :  |b Alba,  |c 1965 
300 |a 8 hlasů 
500 |a Taneční orchestr 
740 0 2 |a Mobile 
700 1 |a Koch, Herbert  |7 mzk2011629079  |4 cmp 
910 |a BOA001  |b Mus3-0702.382 
990 |a MU 
991 |b 201006 
996 6 |b 2619456207  |c Mus3-0702.382  |l MZK  |r Sklad / do 1 hodiny  |n 0  |w 001129579  |u 000010  |a 1  |e BOA001  |j MZK50  |s P